[Event "POL-chT 2nd League"]
[Site "Ustron"]
[Date "2008.09.12"]
[Round "7.59"]
[White "Siedlinski, Piotr"]
[Black "Waruga, Wojciech"]
[Result "1/2-1/2"]
[WhiteElo "1853"]
[BlackElo "2017"]
[PlyCount "87"]
[EventDate "2008.09.06"]
[EventType "team-swiss"]
[EventRounds "9"]
[EventCountry "POL"]
[SourceTitle "EXT 2015"]
[Source "ChessBase"]
[SourceDate "2014.11.20"]
[SourceVersion "1"]
[SourceVersionDate "2014.11.20"]
[SourceQuality "1"]
[WhiteTeam "Jaworzno JKSz MCKiS"]
[BlackTeam "Czerwionka Gornik 23"]
[WhiteTeamCountry "POL"]
[BlackTeamCountry "POL"]

1. e4 d6 2. d3 g6 3. g3 Bg7 4. Bg2 c5 5. c3 Nc6 6. Nf3 e5 7. Be3 Qb6 8. Qc2 Nge7 9. 0-0 Qa6 10. Rd1 Bg4 11. h3 Bxf3 12. Bxf3 0-0 13. Bg2 Rad8 14. c4 f5 15. exf5 gxf5 16. Bg5 Rd7 17. Bxe7 Rxe7 18. Nc3 Nd4 19. Qd2 Kh8 20. Nd5 Ref7 21. b3 b5 22. Rab1 b4 23. Rf1 f4 24. Be4 Qc8 25. g4 Qd8 26. f3 Bh6 27. Kg2 Rg7 28. Qf2 Bg5 29. Rh1 Bh4 30. Qb2 Bg3 31. a4 a5 32. h4 Bxh4 33. Rh3 h6 34. Rbh1 Bg5 35. Rh5 Kg8 36. Kf1 Kf7 37. R1h2 Ke8 38. Rh1 Kd7 39. R1h2 Kc8 40. Rh1 Kb8 41. R1h2 Rfg8 42. Rh1 Ka7 43. R1h3 Qc8 44. Rh1 1/2-1/2

[Event "Pszczyna op 4th"]
[Site "Pszczyna"]
[Date "2008.07.21"]
[Round "9"]
[White "Waruga, Wojciech"]
[Black "Kawala, Maciej"]
[Result "1/2-1/2"]
[WhiteElo "2017"]
[BlackElo "2001"]
[PlyCount "61"]
[EventDate "2008.07.15"]
[EventType "swiss"]
[EventRounds "9"]
[EventCountry "POL"]
[SourceTitle "CBM 125 Extra"]
[Source "ChessBase"]
[SourceDate "2008.09.01"]
[SourceVersion "1"]
[SourceVersionDate "2008.09.01"]
[SourceQuality "1"]

1. e4 e5 2. Nc3 Nf6 3. Bc4 Bc5 4. d3 h6 5. Nf3 d6 6. Na4 Bb6 7. Nxb6 axb6 8. 0-0 0-0 9. Be3 Nc6 10. c3 Na5 11. Bb5 Bd7 12. Bxd7 Qxd7 13. Re1 c5 14. Nh4 Qg4 15. Nf5 Qxd1 16. Raxd1 Rfd8 17. Ne7+ Kh7 18. Nd5 Nc6 19. Nxf6+ gxf6 20. a3 d5 21. Bc1 Rd7 22. Kf1 Rad8 23. Ke2 b5 24. f3 b4 25. axb4 cxb4 26. Be3 bxc3 27. bxc3 d4 28. cxd4 Nxd4+ 29. Bxd4 Rxd4 30. Rd2 b5 31. Rb1 1/2-1/2

[Event "Pszczyna op 4th"]
[Site "Pszczyna"]
[Date "2008.07.16"]
[Round "3"]
[White "Waruga, Wojciech"]
[Black "Pyclik, Blazej"]
[Result "1-0"]
[WhiteElo "2017"]
[BlackElo "1560"]
[PlyCount "51"]
[EventDate "2008.07.15"]
[EventType "swiss"]
[EventRounds "9"]
[EventCountry "POL"]
[SourceTitle "CBM 125 Extra"]
[Source "ChessBase"]
[SourceDate "2008.09.01"]
[SourceVersion "1"]
[SourceVersionDate "2008.09.01"]
[SourceQuality "1"]

1. e4 c5 2. c3 Nc6 3. d4 cxd4 4. cxd4 d5 5. e5 e6 6. Nf3 Bb4+ 7. Nc3 Nge7 8. Bd3 a6 9. 0-0 h5 10. Bg5 Bd7 11. Rc1 h4 12. Ne2 h3 13. gxh3 Rxh3 14. Nf4 Rh8 15. Kh1 Qc7 16. Rg1 Nf5 17. Bxf5 Qa5 18. Bb1 g6 19. Bf6 Rg8 20. Nxg6 fxg6 21. Rxg6 Rxg6 22. Bxg6+ Kf8 23. Rxc6 bxc6 24. Qc1 Bd2 25. Nxd2 Kg8 26. Qg1 1-0